| 000 | 00689ntaaa2200193 4500 | ||
|---|---|---|---|
| 003 | 01 | ||
| 005 | 20251027202316.0 | ||
| 008 | 0714s1973 ag 01 | ||
| 040 |
_aAR-BaBN _bspa _cAR-BaBN _eaacr _dRIC |
||
| 082 | _a280.1000 In8i | ||
| 100 |
_aWorld Council of Churches _918625 |
||
| 245 | _aInternational affairs at the sixth Assembly, World Council of Churches | ||
| 250 | _a1 ed. | ||
| 260 |
_aGeneva : _bWorld Council of Churches, _c1983 |
||
| 300 |
_a158 p ; _c21 cm |
||
| 500 | _aCon introducción del Director en Inglés, más traducción oficial de declaraciones, resoluciones y actas en alemán, francés, y español | ||
| 650 |
_aConcilio mundial de iglesias _93998 |
||
| 942 | _cBK | ||
| 999 |
_c17887 _d17887 |
||